00748nam a2200229 a 450000500170000000800410001702000150005804000270007304100080010004400080010808200180011624500930013426000400022730000330026750400530030065000270035365000250038065000200040570000330042570000290045870000310048720200104041600.0160212t1996 wau fr|||| 00| 0 eng d a1559634219 aCO-BoIAVH cCO-BoIAVH 0 aeng axxu04a370.112bG81g00aGreening the college curriculum :ba guide to environmental teaching in the liberal arts aWashington :bIsland Press,cc1996. a328 páginas ;c23 x 16 cm. aIncluye referencias bibliográficas e índice.16aEducación Ambiental 26aEnseñanza superior26aPlan de estudio1 aKarakashian, StepheneEditor1 aCollet, JonathaneEditor1 aEhrenfeld, DavidePrefacio